'Whatever' Lyrics - The Beths - Statistics

General Stats
  • This quiz has been taken 2 times
  • The average score is 153 of 287
Answer Stats
Answer % Correct
car
100%
water
100%
whatever
100%
(whatever
100%
whatever)
100%
yeah
100%
a
50%
(aah)
50%
again"
50%
(ah)
50%
and
50%
another
50%
(another
50%
are
50%
arrive
50%
baby
50%
back
50%
blind
50%
blood
50%
blown
50%
blue
50%
breaking
50%
breaths
50%
brush
50%
but
50%
buy
50%
call
50%
corner
50%
crash
50%
crying
50%
declined
50%
do
50%
doesn't
50%
down
50%
eve
50%
eyes
50%
feel
50%
fine
50%
for
50%
full
50%
getting
50%
gonna
50%
gonna)
50%
hard
50%
harder
50%
have
50%
he
50%
heart
50%
heaven
50%
hit
50%
I
50%
(I
50%
I'd
50%
if
50%
I'll
50%
I'm
50%
is
50%
it
50%
known
50%
knows
50%
let
50%
lively
50%
make
50%
maker
50%
making
50%
me
50%
my
50%
now
50%
of
50%
okay
50%
on
50%
(ooh)
50%
pulling
50%
reprieve
50%
rock
50%
round
50%
say
50%
saying
50%
shakes
50%
should
50%
shoulders
50%
show
50%
silence
50%
slumped
50%
so
50%
sobs
50%
started
50%
takes
50%
the
50%
then
50%
think
50%
to
50%
towing
50%
wait
50%
want
50%
we'll
50%
we're
50%
why
50%
will
50%
yarn
50%
you
50%
"you
50%
your
50%
you're
50%
pulling
0%
No matching quizzes found
Score Distribution
Percent of People with Each Score
Percentile by Number Answered
Your Score History
You have not taken this quiz